Dilapidations repair (Record no. 6135)

MARC details
000 -LEADER
fixed length control field 00841cab a2200193 4500
001 - CONTROL NUMBER
control field WB2611-25
008 - FIXED-LENGTH DATA ELEMENTS--GENERAL INFORMATION
fixed length control field 090401t1990 xxu||||| |||| 00| 0 eng d
035 ## - SYSTEM CONTROL NUMBER
System control number (Sirsi) u9755
041 ## - LANGUAGE CODE
Language code of text/sound track or separate title eng
245 ## - TITLE STATEMENT
Title Dilapidations repair
260 ## - PUBLICATION, DISTRIBUTION, ETC.
Date of publication, distribution, etc. 1990
350 ## - PRICE (NR) (BK AM CF MU VM SE) [OBSOLETE]
Price 0
490 ## - SERIES STATEMENT
Series statement EGCS
Volume/sequential designation 1990 28
520 ## - SUMMARY, ETC.
Summary, etc. Culworth Estates Ltd v Society of Licensed Victuallers QBD 27 February 1990. The landlords claim for damages against the tenants` failure to repair premises and for compensation for loss of rent was upheld as there was no evidence that the landlords had firm plans to carry out structural alterations or that there was no market for the premises as they were; circumstances which might have made repairs valueless.
650 ## - SUBJECT ADDED ENTRY--TOPICAL TERM
Topical term or geographic name entry element REPAIRING COVENANTS
690 ## - LOCAL SUBJECT ADDED ENTRY--TOPICAL TERM (OCLC, RLIN)
Topical term or geographic name as entry element PROPERTY-LANDLORD AND TENANT
942 ## - ADDED ENTRY ELEMENTS (KOHA)
Suppress in OPAC 0
948 ## - LOCAL PROCESSING INFORMATION (OCLC); SERIES PART DESIGNATOR (RLIN)
c (OCLC) 04/03/1997
Holdings
Withdrawn status Lost status Source of classification or shelving scheme Damaged status Not for loan Home library Current library Shelving location Date acquired Total Checkouts Full call number Barcode Date last seen Copy number Price effective from Koha item type
    Dewey Decimal Classification     London London News article 14/09/1999   WB2611-25 9755-1001 06/08/2019 1 06/08/2019 News article